zpět

Detail výsledku týmu

Letní Bar Terasa, Břeclav

Datum a čas kvízu

21 Celkem bodů Celkový počet nahraných bodů na tomto kvízu bez doplňovacích otázek.
3. Pořadí na kvízu Konečné umístění týmu na tomto kvízu.

Zaznamenané odpovědi

# Otázka Odpověď Body Výsledky
1. Na česko-polské hranici došlo... kaplička 1
2. Ve středu oznámil jeden výrazn... Peter Pellegrini, Směr-SD (Sociální demokracie) 1
3. Známý slovenský herec a moderá... Maroš Kramár 1
4. Firma Kofola minulý týden ozná... vodu točenou ze sudu 0
5. Jak se jmenuje sportovec, kter... David Pastrňák 1
6. Psi se na obrazovkách či stříb... C 1
7. Jan, Gustav, Grigorij, Tomek a... Čtyři z tanku a pes 0
8. Jak se jmenuje slavný pes, kte... Rex 0
9. Jak se (ať už česky, či anglic... Spasitel (Santa's Little Helper) 1
10. Vzpomenete si na jméno filmu,... Neuvěřitelná cesta (ang. Homeward Bound) 0